000
00459nam a2200181Ia 4500
008
100917s9999 xx 000 0 und d
082
_b
20034
100
_a
राय नलिनीकांत
245
_a
मूक सुंदरी
260
_b
---
_c
1917
300
_a
92
365
_b
0.5
520
_a
कथा
630
_a
मूक सुंदरी
650
_a
कथा
730
_a
मूक सुंदरी
942
_c
BOOK
999
_c
625428
_d
625425